Diseño de Exposiciones.

Salvato in:
Dettagli Bibliografici
Autore principale: Broto, Carles (autor)
Natura: Libro
Pubblicazione: Barcelona, España: Links, 2009.
Soggetti:
Tags: Aggiungi Tag
Nessun Tag, puoi essere il primo ad aggiungerne!!

MARC

LEADER 00000nam a22000007a 4500
003 CL-VaPUC
005 20250321101931.0
008 250123t2009 ||||| |||| 00| 0 eng d
999 |c 446773  |d 446771 
020 |a 978-84-92796-27-4 
040 |c Pontificia Universidad Católica de Valparaíso 
082 |a 725.91 BRO 2009 
100 |9 895786  |a Broto, Carles  |e autor 
245 |a Diseño de Exposiciones. 
260 |a Barcelona, España:  |b Links,  |c 2009. 
300 |a 299 páginas.  |b fotografías. 
500 |a c.1. Instituto Arcos.08-01-2025. 
583 |c 20250123  |k Gabriela Rodríguez Cuevas 
650 0 |9 265271  |a Diseño arquitectónico   |x Exposiciones 
650 0 |9 267018  |a  Edificios para exposiciones  |x Diseño y construcción 
942 |2 ddc  |c BK  |n 0 
952 |0 0  |1 0  |2 ddc  |4 0  |6 725_910000000000000_BRO_2009  |7 0  |9 599813  |a BIBINC  |b BIBINC  |c GEN  |d 2025-01-23  |e Instituto Arcos  |i 5664705  |o 725.91 BRO 2009  |p 5664705  |r 2025-01-23  |t 1  |w 2025-01-23  |y BK  |k IFP